| 000 | 01477cam a2200157 4500500 | ||
|---|---|---|---|
| 005 | 20260329082238.0 | ||
| 041 | _afre | ||
| 042 | _adc | ||
| 100 | 1 | 0 |
_aGéraud, Marie-Odile _eauthor |
| 700 | 1 | 0 |
_aLeservoisier, Olivier _eauthor |
| 700 | 1 | 0 |
_aPottier, Richard _eauthor |
| 245 | 0 | 0 | _aLes notions clés de l'ethnologie : Analyses et textes |
| 260 |
_bArmand Colin,
_c2024. |
||
| 520 | _aDevenu référence incontournable de l’entrée dans la discipline, ce manuel d’initiation à l’ethnologie présente ses méthodes et concepts fondamentaux ainsi que ses principaux paradigmes – de l’évolutionnisme au structuralisme – et ses grands domaines de recherche – parenté, économie, politique, religion… Chacune de ces contributions est présentée de manière synthétique et illustrée d’extraits de l’œuvre des auteurs les plus marquants de l’anthropologie française, britannique, américaine ou allemande, depuis les pères fondateurs (Morgan, Tylor, Boas ou Mauss) jusqu’aux contemporains (Lévi-Strauss, Balandier, Sahlins ou Geertz).Véritable instrument pédagogique, cet ouvrage, réactualisé dans cette quatrième édition, prépare l’étudiant à une lecture critique des œuvres, tout en laissant entrevoir la complexité des débats et des controverses qui ont alimenté l’histoire de cette discipline. | ||
| 856 | 4 | 1 | _uhttps://shs.cairn.info/les-notions-cles-de-l-ethnologie--9782200638542?lang=fr&redirect-ssocas=7080 |
| 999 |
_c2027583 _d2027583 |
||